000 01337cam a22003737a 4500
003 CHAP
005 20220329143043.0
008 051108d2002 mx r 00110 spa d
010 _a91271
011 _a92243
020 _a9707012145
035 _a102807
040 _cCHAP
082 0 4 _a155.3
_bJ6
100 0 0 _aJoas, Hans.
_961731
245 1 0 _aCreatividad, acción y valores :
_bhacia una teoría sociológica de la contingencia
_c/por Hans Joas
260 _aMéxico :
_bUnivesridad Autonoma Metropolitana, Unidad Iztapalapa,
_c2002
300 _a133 p.
490 0 _aBiblioteca de signos
_v;18
590 _aBATCH-UPD
_b10
_c20130110
_lUCH01
_h0508
590 _aBATCH-UPD
_b10
_c20130410
_lUCH01
_h0146
590 _aBATCH-UPD
_b10
_c20130914
_lUCH01
_h0619
590 _aCONVERSION
_b10
_c20130109
_lUCH01
_h1351
650 1 4 _aCreatividad.
_928870
650 1 4 _aSociología urbana.
_9108248
650 1 4 _aValores.
_9117671
830 0 0 _aBiblioteca de signos
_v;18
_912349
901 _aBK
905 _aElisama A. H.
942 _cLIBRO
949 _a155.3 J6
_bBC
_cLIBRO
_d33724000966339
_eLIBRO
_fc.3
_gI.c/e
_h106969
_i102807
_sb
_t$100.00
949 _a155.3 J6
_bBC
_cLIBRO
_d33724000966396
_eLIBRO
_gI.c/e
_h106967
_i102807
_sb
_t$100.00
949 _a155.3 J6
_bBC
_cLIBRO
_d33724000966453
_eLIBRO
_fc.2
_gI.c/e
_h106968
_i102807
_si
_t$100.00
999 _c91271
_d91271